Partners with God : (Record no. 4022)

MARC details
000 -LEADER
fixed length control field 01017cam a2200277 a 4500
001 - CONTROL NUMBER
control field 3513626
003 - CONTROL NUMBER IDENTIFIER
control field GBCCL
005 - DATE AND TIME OF LATEST TRANSACTION
control field 20241126110509.0
008 - FIXED-LENGTH DATA ELEMENTS--GENERAL INFORMATION
fixed length control field 940530s1994 tnua b 000 0 eng
010 ## -
-- 95154576
040 ## - CATALOGING SOURCE
Original cataloging agency DLC
Transcribing agency DLC
Modifying agency DLC
050 00 -
-- BV772
-- .E44 1994
082 00 - DEWEY DECIMAL CLASSIFICATION NUMBER
Classification number 248.6
-- 248.6088261
Edition information 21
Item number ELK
100 1# - MAIN ENTRY--PERSONAL NAME
Personal name Eklund, Bobby L.
9 (RLIN) 7778
245 10 - TITLE STATEMENT
Title Partners with God :
Remainder of title Bible truths about giving /
Statement of responsibility, etc. Bobby L. Eklund & Terry Austin.
260 ## - PUBLICATION, DISTRIBUTION, ETC.
Place of publication, distribution, etc. Nashville, Tenn. :
Name of publisher, distributor, etc. Convention Press,
Date of publication, distribution, etc. c1994.
300 ## - PHYSICAL DESCRIPTION
Extent 143 p. :
Other physical details ill. ;
Dimensions 23 cm.
500 ## - GENERAL NOTE
General note "This book is the text for course 05-104 in the subject area Baptist Doctrine in the Church Study Course"--T.p. verso.
504 ## - BIBLIOGRAPHY, ETC. NOTE
Bibliography, etc. note Includes bibliographical references.
650 #0 - SUBJECT ADDED ENTRY--TOPICAL TERM
Topical term or geographic name entry element Christian giving.
9 (RLIN) 3458
650 #0 - SUBJECT ADDED ENTRY--TOPICAL TERM
Topical term or geographic name entry element Christian stewardship.
9 (RLIN) 3460
700 1# - ADDED ENTRY--PERSONAL NAME
Personal name Austin, Terry.
9 (RLIN) 9044
906 ## - LOCAL DATA ELEMENT F, LDF (RLIN)
a 7
b cbc
c orignew
d 2
e ncip
f 19
g y-gencatlg
942 ## - ADDED ENTRY ELEMENTS (KOHA)
Source of classification or shelving scheme Dewey Decimal Classification
Koha item type Books
Koha issues (borrowed), all copies 2
Holdings
Withdrawn status Lost status Source of classification or shelving scheme Damaged status Not for loan Home library Current Library Shelving location Date acquired Total checkouts Full call number Barcode Date last seen Date last checked out Copy number Price effective from Koha item type
    Dewey Decimal Classification     GRACE BIBLE COLLEGE GRACE BIBLE COLLEGE Ministry & Mission 2017-12-20 2 248.6 ELK 008677 2025-05-01 2019-03-07 c.1 2017-12-20 Books
© Grace Bible College Library 2025